000 00539nam a22001937a 4500
003 OSt
005 20181004183525.0
008 181004b xxu||||| |||| 00| 0 eng d
020 _a8186270744
040 _cDNLM
082 _aQV744 S13i 2004
100 _aSiddiqui,Ahmad Anees; Ali,Mohammed.
_98987
245 _aPractical Pharmaceutical Chemistry.
260 _aDelhi; Birla publications, 2004
300 _a232p; ill: 24cm
504 _aAppendices, & index included
650 _aPharmaceutical chemistry.
_9283
942 _2z
_cSLOAN
999 _c6158
_d6158